000 00675nam a2200205Ia 4500
003 GCL
008 140319s9999 xx 000 0 ara d
040 _aGCL /
_cGCL
082 0 4 _a156.2
_bل ع
100 1 _aلويس كامل مليكة
245 1 0 _aالعلاج السلوكى وتعديل السلوك /
_cلويس كامل مليكة
260 _a[S.N] :
_bدار القلم للنشر والتوزيع ،
_c1990
300 _a293 ص
490 _a
650 0 4 _aعلم النفس التربوى
650 0 4 _aعلم النفس التطبيقى
650 0 4 _aعلم النفس التجريبى
650 0 4 _aعلم النفس السلوكى
942 _2ddc
_cBK
999 _c37006
_d37006